01261nam a2200349Ia 4500001001200000003000800012006001900020007001500039008004100054010001700095020001500112020001800127020002600145040002100171035002100192050002500213082002900238245006500267250001200332260006000344300002300404440002200427500002000449533015200469650003300621650003000654655002900684710003800713710001700751856012600768999001700894ebr10606076CaPaEBRm u cr cn|||||||||020813s2002 coua s 001 0 eng d z 2002511404 z158321190X z9781583211908 z9781613001783 (ebook) aCaPaEBRcCaPaEBR a(OCoLC)70190807114aTD491.A49bM3 2002eb04a628.1 sa628.1/028/921900aSafety practices for water utilitiesh[electronic resource]. a6th ed. aDenver, CO :bAmerican Water Works Association,cc2002. axv, 151 p. :bill. 0aAWWA manual ;vM3 aIncludes index. aElectronic reproduction.bPalo Alto, Calif. :cebrary,d2011.nAvailable via World Wide Web.nAccess may be limited to ebrary affiliated libraries. 0aWaterworksxSafety measures. 0aWater-supply engineering. 7aElectronic books.2local2 aAmerican Water Works Association.2 aebrary, Inc.40uhttp://site.ebrary.com/lib/rucke/Doc?id=10606076zAn electronic book accessible through the World Wide Web; click to view c96726d96726